Para escribirte mejor 2

Bibliographic Details
Main Author: Maqueo, Ana Marie.
Format: Section = Libro
Language:Undetermined
Spanish
Published: México Limusa 2008
Edition:2a.ed
Subjects:
LEADER 00555nam a2200229Ia 4500
008 240830s9999 xx 000 0 und d
020 |a 978-968-18-5528-4 
040 |a B-ESTELÍ- RUACS / 461 M297p 
041 |a spa 
082 |a 461 M297p 
100 1 |a Maqueo, Ana Marie. 
245 1 0 |a Para escribirte mejor 2 
250 |a 2a.ed 
260 |a México  |b Limusa  |c 2008 
300 |a 276 p:il 
650 7 |a ESPAÑOL 
650 7 |b  ESTUDIO Y ENSEÑANZA 
650 7 |c  ORTOGRAFIA 
650 7 |d  REDACCION. 
942 |c BK  |2 ddc 
991 |a TEXTO 
999 |c 10874